00660nam a2200205Ia 4500003000400000005001700004008004100021020001900062040000700081041000800088082001600096100003700112245004700149260004800196300000900244650003300253942001300286999001900299952013600318OSt20250805115837.0250729s2005 xx 000 0 und d a978-8171418107 cAL aeng a374.33 KUMM aKumari Chodavarapujalaja9220882 aMethods of teaching educational technology aNew DelhibDiscovery Publishing Housec2005 a317p aEducation Technology9220883 2ddccBED c234768d234768 001040708BEDaALbALd2025-07-29eSita Book Houseg180.00l0o374.33 KUMMpBED00087r2025-07-29 16:53:26v180.00w2025-07-29yBK